| 000 | 00732nam a2200241 a 4500 | ||
|---|---|---|---|
| 001 | BRL_658 | ||
| 005 | 20190320210835.0 | ||
| 008 | 230913s1972----sp-#######---#000-0#spa-# | ||
| 041 | _aspa | ||
| 044 | _asp | ||
| 050 | 4 |
_aHX521 _b.M37 1972 |
|
| 100 | 1 |
_aMarx, Karl _d1818-1883 _924549 |
|
| 245 | 1 | 0 |
_aTextos sobre la producción artística _cautores: Marx, Engels; Selección, prólogo y notas Valeriano Bozal. |
| 260 |
_aMadrid, España _bAlberto Corazón _c1972 |
||
| 300 |
_a200 p. _c21 cm. |
||
| 440 | 0 |
_aComunicación _pSerie B _v20 _924550 |
|
| 500 | _aAu743 | ||
| 650 | 1 | 4 |
_aSocialismo y arte _924551 |
| 700 | 1 |
_aEngels, Friedrich _d1820-1895 _924552 |
|
| 700 | 1 |
_aBozal, Valeriano _924553 |
|
| 902 | _aGRL | ||
| 942 |
_2lcc _cB |
||
| 999 |
_c9470 _d9470 |
||